Έρευνες για τον τουρισμό στην Ελλάδα & την Κύπρο : μια ανθρωπολογική προσέγγιση

Αποθηκεύτηκε σε:
Λεπτομέρειες βιβλιογραφικής εγγραφής
Κύριος συγγραφέας: Γαλανή-Μουτάφη, Βασιλική
Μορφή: Βιβλίο
Γλώσσα:Greek
Δημοσίευση: Αθήνα : Προπομπός, 2002
Σειρά:Τουρισμός & ελεύθερος χρόνος
Θέματα:
Ετικέτες: Προσθήκη ετικέτας
Δεν υπάρχουν, Καταχωρήστε ετικέτα πρώτοι!

MARC

LEADER 00000cam a2200000 i 4500
001 1/32171
008 030205s2002 gr | ||| |||| ||gre||
020 |a 9607860241 
035 |l 10069290 
040 |a GR-MY-UA  |b gre  |e aacr 
041 0 |a gre 
082 0 |a 338.479109495 
100 1 |a Γαλανή-Μουτάφη, Βασιλική. 
245 1 0 |a Έρευνες για τον τουρισμό στην Ελλάδα & την Κύπρο :  |b μια ανθρωπολογική προσέγγιση /  |c Βασιλική Γαλάνη-Μουτάφη 
260 |a Αθήνα :   |b Προπομπός,   |c 2002 
300 |a 316 σ.;  |c 24 εκ. 
490 1 |a Τουρισμός & ελεύθερος χρόνος 
504 |a Περιέχει βιβλιογραφία και ευρετήριο 
650 0 0 |a Tourism  |z Greece. 
650 0 0 |a Tourism  |z Cyprus. 
830 0 |a Τουρισμός & ελεύθερος χρόνος 
852 |a INST  |b CHIOS  |c EUDOXUS  |e 20170615  |h 338.479109495 ΓΑΛ  |p 005200038348  |q 005200038348  |t BK  |y 0 
852 |a INST  |b LESVOS  |e 20030205  |h 338.479109495 ΓΑΛ  |p 005100024855  |q 005100024855  |t BK  |y 0 
852 |a INST  |b LESVOS  |e 20030205  |h 338.479109495 ΓΑΛ  |p 005100024856  |q 005100024856  |t BK  |y 0 
852 |a INST  |b LESVOS  |e 20110607  |h 338.479109495 ΓΑΛ  |p 005100048945  |q 005100048945  |t BK  |y 0 
852 |a INST  |b LESVOS  |e 20110607  |h 338.479109495 ΓΑΛ  |p 005100048946  |q 005100048946  |t BK  |y 0 
852 |a INST  |b LESVOS  |e 20110607  |h 338.479109495 ΓΑΛ  |p 005100048947  |q 005100048947  |t BK  |y 0 
852 |a INST  |b LESVOS  |e 20110607  |h 338.479109495 ΓΑΛ  |p 005100048948  |q 005100048948  |t BK  |y 0 
920 |a Εύδοξος  |b Επιστροφή  |y Χίος  |z 2017-06 
901 |a BIBL1-2003-1 
901 |a BIBL1-2011-2 
909 |a Λ  |b 104145 
909 |a Λ  |b 103073 
909 |a Λ  |b 168028 
909 |a Λ  |b 168027 
909 |a Λ  |b 168026 
909 |a Λ  |b 168025 
970 |a ΧΡΙΣΤΟΦΑ  |b ΝΙΚΗ  |z 2003/02/05